|
|
|
|
| LEADER |
00000nab#a22000007a#4500 |
| 001 |
arbauad046687 |
| 003 |
AR-BaUAD |
| 005 |
20250711113602.0 |
| 008 |
000914|||||||||###||||||b###|0###a|spa|| |
| 040 |
|
|
|a AR-BaUAD
|c AR-BaUAD
|b spa
|
| 245 |
1 |
0 |
|a Otros importantes Salones de Arte Textil inaugurados durante el año
|
| 300 |
0 |
|
|b fot.
|
| 653 |
|
|
|a ARTE TEXTIL CONTEMPORANEO
|
| 653 |
|
|
|a 1996
|
| 653 |
|
|
|a BUENOS AIRES, CIUDAD
|
| 653 |
|
|
|a ARGENTINA
|
| 653 |
|
|
|a GALERIA HOY EN EL ARTE
|
| 653 |
|
|
|a CAAT
|
| 653 |
|
|
|a CENTRO ARGENTINO DE ARTE TEXTIL
|
| 653 |
|
|
|a ARTE TEXTIL
|
| 653 |
|
|
|a EXPOSICIONES
|
| 653 |
|
|
|a ARTE TEXTIL
|
| 653 |
|
|
|a OBRAS DE ARTE
|
| 653 |
|
|
|a TALLERES
|
| 653 |
|
|
|a CESTERIA
|
| 653 |
|
|
|a SALON DE MINITEXTILES BANCO PROVINCIA
|
| 653 |
|
|
|a 1996
|
| 653 |
|
|
|a BUENOS AIRES, PROVINCIA
|
| 653 |
|
|
|a MUSEO HISTORICO DE LA PROVINCIA DE BUENOS AIRES
|
| 653 |
|
|
|a SALONES DE ARTE TEXTIL
|
| 653 |
|
|
|a SALON TOKIO DE MINITEXTILES
|
| 653 |
|
|
|a 1996
|
| 653 |
|
|
|a GALERIA TOKIO
|
| 653 |
|
|
|a SALON TECNICA BORDADO - BORDANDO IDEAS
|
| 653 |
|
|
|a SALONES DE ARTE TEXTIL
|
| 653 |
|
|
|a 1996
|
| 773 |
0 |
|
|t TRAMEMOS
|g no. 45 [nov. 1996], p. 12
|
| 942 |
|
|
|c ARTI
|
| 952 |
|
|
|0 0
|1 0
|4 0
|7 0
|9 91606
|a AR-BAuAD
|b AR-BAuAD
|d 2025-07-11
|l 0
|p AAQA046687
|r 2025-07-11 11:36:02
|w 2025-07-11
|y ARTI
|
| 990 |
|
|
|a DT199
|b TD
|
| 990 |
|
|
|a A199
|b TD
|
| 998 |
|
|
|a AAQ
|b BIBUN76
|
| 999 |
|
|
|c 71279
|d 71279
|